AK’s General Knowledge A-Z #19 - Statistics

General Stats
  • This quiz has been taken 663 times
  • The average score is 17 of 26
Answer Stats
Hint Answer % Correct
B – the capital of Iraq Baghdad
92%
Q – a trembling or shaking; when occurring in the ground, preceded by “earth” Quake
91%
W – open-collaborative online encyclopaedia that a modern quizmaker can hardly do without Wikipedia
88%
A – native Mesoamericans who appreciated arts and were the first to make guacamole Aztecs
87%
P – Oscar-winning Korean movie, or an organism living inside another organism, causing it harm Parasite
86%
Z – city called Turicum by the Romans; now the largest city in Switzerland Zürich
85%
D – doctor who is able to speak with animals Dr. Dolittle
80%
J – first name of actor Andrews starring in “Mary Poppins” and “The Sound of Music” Julie
78%
R – the thing that Earth does around the Sun, or what Che Guevara became a symbol of Revolution
78%
Y – fictional bear debuting in 1958 who thinks he’s smarter than the average bear Yogi
78%
K – metallic device that most of us still have in a pocket or handbag, often more than one Key
76%
L – monk who married a nun and who wrote one fifth of all material printed in Germany between 1500 and 1530, causing the biggest revolution that Christianity has ever seen Martin Luther
74%
E – song by Survivor that starts, “Rising up, back on the street; did my time, took my chances” Eye of the Tiger
73%
S – One Republic hit “Counting _____”, or an NHL team from Dallas Stars
73%
M – country whose name includes the opposite of young Moldova
69%
O – Gabriel Garcia Marquez's classic “___ _______ Years of Solitude” One Hundred
65%
F – archipelago located about halfway between Norway and Iceland Faroe Islands
58%
H – optical phenomenon produced by light interacting with atmospheric ice crystals, or a first-person shooter electronic game Halo
58%
I – “_________ Morse”, a TV crime series based on the books by Colin Dexter Inspector
51%
C – an agreement between two or more parties, or what Franklin Roosevelt did to polio in 1921 Contract
50%
T – T in SWAT Tactics
46%
V – leading Italian composer of opera in the 19th century, noted for operas such as “Rigoletto” and “La traviata” Giuseppe Verdi
43%
N – Jack who was nicknamed The Golden Bear and who was one of the greatest golfers of all time Nicklaus
42%
U – ______ K. Le Guin, known for the Earthsea fantasy series Ursula
26%
X – an engraving in wood; is “ksylografía” in Greek Xylograph
23%
G – a book in the New Testament (one was written by the namesake of a Star Wars character and one by the namesake of his actor) Gospel
20%
No matching quizzes found
Score Distribution
Percent of People with Each Score
Percentile by Number Answered
Your Score History
You have not taken this quiz